000 00709nam a22002055i 4500
001 169804
003 ES-MaACL
005 20250518063240.0
008 081201s1891 fr |||| | fre d
080 _a782.1
100 1 _aVerdi, Giuseppe,
_d1813-1901
_9240500
245 1 3 _aLe trouvère
_b= il trovatore : opéra en quatre actes /
_cmusique de G. Verdi ; traduction française d'Emilien Pacini.
250 _aNouvelle édition.
260 _aParis :
_bCalmann Lévy,
_c1891.
300 _a44 p. ;
_c17 cm.
500 _aSolo el texto.
700 1 _aPacini, Emilien.
_9138512
852 _aES-MaACL
_jE-12286(2)
_9R.144184
_z.- Biblioteca Jacinto Martínez Lacalle
999 _c169804
_d169804